1960 1654 1337 1157 1193 1549 1398 1166 1252 1126 1334 1039 1905 1937 1447 1689 1769 1836 1731 1478 1145 1542 1293 1417 1837 1011 1113 1478 1883 1006 1943 1737 1038 1818 1564 1694 1322 1254 1944 1160 1214 1953 1222 1345 1844 1434 1047 1498 1743 1856 1611 1016 1785 1548 1943 1510 1880 1484 1893 1207 1181 1523 1812 1314 1336 1861 1719 1879 1148 1233 1135 1247 1205 1117 1561 1834 1966 1972 1376 1332 1455 1659 1070 1678 1965 1310 1654 1114 1289 1957 1557 1593 1145 1300 1850 1235 1824 1479 1431 BCNSPRNW ULIB Ver.6.0+V

เปลี่ยนเป็นภาษาไทย

Change to English
 แสดงรายละเอียดบรรณานุกรม
  กลับหน้าหลัก

Brief Record : Get Marc (ISO 2709) : E-mail record : QR code < ปิดหน้าต่าง
LEADER : 00000nam 2200000uu 4500
001    13399124933
003     ULIB
008    160518s2558||||th 000 0 tha d
020    ^a9789746729185
060  4 ^aWM430^bภ376ก
100 0  ^aภัทราภรณ์ ทุ่งปันคำ
245 10 ^aกลุ่มจิตบำบัดสำหรับบุคลากรทางสุขภาพ : แนวคิดและการประยุกต์ใช้=^bGroup psychotherapy for the health professions : Concept and application /^cภัทราภรณ์ ทุ่งปันคำ
246 31 ^aGroup psychotherapy for the health professions : Concept and application
250    ^aพิมพ์ครั้งที่ 2
260    ^aเชียงใหม่ :^bคณะพยาบาลศาสตร์ มหาวิทยาลัยเชียงใหม่,^c2557
300    ^aก-ง, 186 หน้า :^bภาพประกอบ
500    ^aจิตเวชศาสตร์
505 0  ^a1.ความเป็นมาและประเภทของกลุ่มจิตบำบัด--2.แนวคิดทฤษฎีในการทำกลุ่มจิตบำบัด--3.ลักษณะบทบาทและหน้าที่ของผู้นำกลุ่ม--4.กลยุทธ์การทำกลุ่มจิตบำบัด--5.ปัญหาที่พบในการดำเนินกลุ่มและแนวทางแก้ไข--6.การวางแผนการทำกลุ่มจิตบำบัด--7.การประเมินผลการทำกลุ่มจิตบำบัด
650  7 ^aจิตบำบัดหมู่
650  7 ^aกลุ่มจิตบำบัด
650  7 ^aผู้ป่วยทางจิตเวช,^xการดูแล
650  7 ^aบุคลากรสาธารณสุข
710 2  ^aมหาวิทยาลัยเชียงใหม่.^bคณะพยาบาลศาสตร์
945    ^p100^l0^i000847
945    ^p100^l0^i000848
945    ^p100^l0^i000849
945    ^p100^l0^i000850
945    ^p100^l0^i000851
945    ^p100^l0^i000852
945    ^p100^l0^i000854
945    ^p100^l0^i000855
945    ^p100^l0^i000856
945    ^p100^l0^i000857
999    ^aเกษร โพธิ์สุวรรณ
รายการนี้ยังไม่มีแท็ก
คุณยังไม่ได้ล็อกอิน คุณสามารถมีกิจกรรมร่วมกับเว็บไซต์ได้ แต่ต้องล็อกอินก่อน ::
  ล็อกอิน

รายการสื่อสารสนเทศ

ลำดับที่ ประเภท เลขเรียก/บาร์โค้ด สถานที่ สถานะ
1. วิทยาศาสตร์การแพทย์ และสุขภาพ
วิทยาศาสตร์การแพทย์ และสุขภาพ
สถานะ=หนังสือเก่า
WM430 ภ376ก ฉ.1 
  Barcode: 000847
ห้องสมุดวิทยาเขตสวรรค์ประชารักษ์
►ส่วนจัดเก็บหนังสือเก่า สปร
บนชั้น
  ขอยืม
2. วิทยาศาสตร์การแพทย์ และสุขภาพ
วิทยาศาสตร์การแพทย์ และสุขภาพ
สถานะ=หนังสือเก่า
WM430 ภ376ก ฉ.10 
  Barcode: 000857
ห้องสมุดวิทยาเขตสวรรค์ประชารักษ์
►ส่วนจัดเก็บหนังสือเก่า สปร
บนชั้น
  ขอยืม
3. วิทยาศาสตร์การแพทย์ และสุขภาพ
วิทยาศาสตร์การแพทย์ และสุขภาพ
สถานะ=หนังสือเก่า
WM430 ภ376ก ฉ.2 
  Barcode: 000848
ห้องสมุดวิทยาเขตสวรรค์ประชารักษ์
►ส่วนจัดเก็บหนังสือเก่า สปร
บนชั้น
  ขอยืม
4. วิทยาศาสตร์การแพทย์ และสุขภาพ
วิทยาศาสตร์การแพทย์ และสุขภาพ
สถานะ=หนังสือเก่า
WM430 ภ376ก ฉ.3 
  Barcode: 000849
ห้องสมุดวิทยาเขตสวรรค์ประชารักษ์
►ส่วนจัดเก็บหนังสือเก่า สปร
บนชั้น
  ขอยืม
5. วิทยาศาสตร์การแพทย์ และสุขภาพ
วิทยาศาสตร์การแพทย์ และสุขภาพ
สถานะ=หนังสือเก่า
WM430 ภ376ก ฉ.4 
  Barcode: 000850
ห้องสมุดวิทยาเขตสวรรค์ประชารักษ์
►ส่วนจัดเก็บหนังสือเก่า สปร
บนชั้น
  ขอยืม
6. วิทยาศาสตร์การแพทย์ และสุขภาพ
วิทยาศาสตร์การแพทย์ และสุขภาพ
สถานะ=หนังสือเก่า
WM430 ภ376ก ฉ.5 
  Barcode: 000851
ห้องสมุดวิทยาเขตสวรรค์ประชารักษ์
►ส่วนจัดเก็บหนังสือเก่า สปร
บนชั้น
  ขอยืม
7. วิทยาศาสตร์การแพทย์ และสุขภาพ
วิทยาศาสตร์การแพทย์ และสุขภาพ
สถานะ=หนังสือเก่า
WM430 ภ376ก ฉ.6 
  Barcode: 000852
ห้องสมุดวิทยาเขตสวรรค์ประชารักษ์
►ส่วนจัดเก็บหนังสือเก่า สปร
บนชั้น
  ขอยืม
8. วิทยาศาสตร์การแพทย์ และสุขภาพ
วิทยาศาสตร์การแพทย์ และสุขภาพ
สถานะ=หนังสือเก่า
WM430 ภ376ก ฉ.7 
  Barcode: 000854
ห้องสมุดวิทยาเขตสวรรค์ประชารักษ์
►ส่วนจัดเก็บหนังสือเก่า สปร
บนชั้น
  ขอยืม
9. วิทยาศาสตร์การแพทย์ และสุขภาพ
วิทยาศาสตร์การแพทย์ และสุขภาพ
สถานะ=หนังสือเก่า
WM430 ภ376ก ฉ.8 
  Barcode: 000855
ห้องสมุดวิทยาเขตสวรรค์ประชารักษ์
►ส่วนจัดเก็บหนังสือเก่า สปร
บนชั้น
  ขอยืม
10. วิทยาศาสตร์การแพทย์ และสุขภาพ
วิทยาศาสตร์การแพทย์ และสุขภาพ
สถานะ=หนังสือเก่า
WM430 ภ376ก ฉ.9 
  Barcode: 000856
ห้องสมุดวิทยาเขตสวรรค์ประชารักษ์
►ส่วนจัดเก็บหนังสือเก่า สปร
บนชั้น
  ขอยืม

รายการใกล้เคียง
    ผู้แต่ง [ภัทราภรณ์ ทุ่งปันคำ]

    หัวเรื่อง [จิตบำบัดหมู่]
    หัวเรื่อง [กลุ่มจิตบำบัด]
    หัวเรื่อง [บุคลากรสาธารณสุข]

BibComment


ยังไม่เคยถูกคอมเมนท์

คอมเมนท์ทรัพยากรรายการนี้
  คอมเมนท์: กลุ่มจิตบำบัดสำห..


 Copyright 2026. Bcnsprnw @Library